00377 a2200145 4500003000400000005001700004008004100021020001800062040000900080082001500089100001700104245007900121260002200200300000900222OSt20231211130529.0231211b |||||||| |||| 00| 0 eng d a9788126423842 coclc a954bVAR/B aVarier, P A aBRITISH INDIAYUM SAYUDHA SAMARANGALUM /cP A Varier, Dr. K Velayudhan Nair bD C Books,c2018. a234p